| 000 | 00454nam a22001457a 4500 | ||
|---|---|---|---|
| 027 | _qHard Cover. | ||
| 040 | _cSINES-NUST. | ||
| 082 |
_a620.0011 _bHAS |
||
| 100 |
_aAhmed Hassan. _929677 |
||
| 245 |
_aIntegrated Digital Monitoring System for Efficient Analysis of Industrial Processes / _cHassan, Ahmed |
||
| 260 |
_aIslamabad: _bSINES-NUST, _c2022. |
||
| 300 |
_a45 p. : _bill. ; _c30cm. |
||
| 650 |
_xMS-System Engineering. _981372 |
||
| 942 |
_2ddc _cTHE |
||
| 999 |
_c591248 _d591248 |
||